| 000 | 00602cam a2200241ua 4500 | ||
|---|---|---|---|
| 020 |
_a81-224-0953-9 _c150.00 |
||
| 041 |
_aeng _h |
||
| 082 |
_a604.2 _bNAR/PR |
||
| 100 | _aNarayana, K.I . | ||
| 245 |
_aProduction drawing / _cK.I.Narayana. _hTextual Documents |
||
| 260 |
_aNew Delhi : _bNew Age International Ltd , _c1997. |
||
| 300 | _a318 ; . | ||
| 365 | _a150.00 | ||
| 500 | _a*CSS | ||
| 504 | _a | ||
| 700 | 1 | _akanniah, P . | |
| 700 | 1 | _aVenkata Reddy, K . | |
| 942 | _cBK | ||
| 999 |
_c10190 _d10190 |
||